000 00659nam a22002177a 4500
005 20170124110230.0
010 _aB-129171
020 _c950.00
_a8178791021
035 _aB-129171
037 _bCen Lib/Ret
040 _aDPL
_bEN
082 _a000
_bSUR
100 _aSuresh Kutty K.
_941150
245 _aA guide for U.G.C. examination for physical education /
_cby Suresh Kutty K.
260 _aNew Delhi
_bSports Publications
_c2004
270 _a4261/3, Ansari Road, Darya Ganj
_bNew Delhi
_e110002
300 _a612p.
_c20cm(Hb)
650 _aPhysical education
_922886
650 _aHealth
_963324
942 _2ddc
_cEN
_h000
_mSUR
999 _c134583
_d134583